000 00783nam a2200217 i 4500
001 38654
003 ES-MaACL
005 20250823085842.0
007 t|
008 030226s1955 sp ||||1| spa d
100 1 _aCamões, Luís de,
_d1524?-1580
_9181622
245 1 4 _aLos Lusíadas /
_cLuis de Camoes ; traducción, prólogo y notas de Ildefonso Manuel Gil.
260 _aMadrid :
_bUniversidad de Puerto Rico :
_bRevista de Occidente,
_c[1955] (
_fClavileño)
300 _a469 p., 15 lám. ;
_c19 cm.
490 1 _aBiblioteca de cultura básica
700 0 _aGil, Ildefonso Manuel,
_d1912-2003
_956735
710 2 _aUniversidad de Puerto Rico
_97273
830 1 _aBiblioteca de cultura básica
_9181999
852 _aES-MaACL
_jC-9694
999 _c38654
_d38654